NBA MVP Voting 2020-2021 - Statistics

General Stats
  • This quiz has been taken 8 times
  • The average score is 13 of 15
Answer Stats
MVP Rank Team Player % Correct
5 PHO Chris Paul
100%
7 POR Damian Lillard
100%
4 MIL Giannis Antetokounmpo
100%
2 PHI Joel Embiid
100%
6 DAL Luka Doncic
100%
1 DEN Nikola Jokic
100%
10 UTA Rudy Gobert
100%
3 GSW Stephen Curry
100%
12 PHI Ben Simmons
88%
13T HOU/BRK James Harden
88%
13T LAL LeBron James
88%
13T LAC Kawhi Leonard
75%
11 WAS Russell Westbrook
75%
8 NYK Julius Randle
63%
9 DET/NYK Derrick Rose
38%
No matching quizzes found
Score Distribution
Percent of People with Each Score
Percentile by Number Answered
Your Score History
You have not taken this quiz